000 00951nac a22002897a 4500
001 BR6002364
003 BR-BrBNA
005 20240105113035.0
008 230509b bl.|||m| |||| 00| 0 por d
040 _aBR-BrBNA
_bpor
_cBiblioteca Nacional de Agricultura
072 _aL00; E70
090 _a5100 BR6002364
110 1 _aConselho Nacional de Desenvolvimento da Pecuaria, Rio de Janeiro, GB (Brasil)
_92674
245 1 _aEquideos. Abate - producao e exportacao de carne, Brasil 1966/72 Testes de rendimento de carcaca
260 3 _aRio de Janeiro, GB (Brasil):
_c1973.
300 _a50 p.
490 _aSerie de Estudos Economicos - Conselho Nacional de Desenvolvimento da Pecuaria (Brazil)
_v
_x
500 _a21 tables
650 _aEQUINO
650 _aABATE
650 _aEXPORTACAO
650 _aCARNE
650 _aRENDIMENTO
650 _aCARCACA
909 _a202312
_bLúcia Elande
_c55
_dLúcia Elande
942 _2AGRIS
_n0
_cMS
999 _c261559
_d261559